|
|
|
|
| LEADER |
00000nam0a2200000 4500 |
| 001 |
371911 |
| 005 |
20231102012427.0 |
| 035 |
|
|
|a (RuTPU)RU\TPU\retro\29325
|
| 090 |
|
|
|a 371911
|
| 100 |
|
|
|a 20221125d1978 k y0rusy50 ca
|
| 101 |
0 |
|
|a rus
|
| 102 |
|
|
|a RU
|
| 105 |
|
|
|a a z 001zy
|
| 200 |
1 |
|
|a Оптическая обработка информации
|f Академия наук СССР, Научный совет по проблеме "Голография" ; под ред. С. Б. Гуревича
|
| 210 |
|
|
|a Ленинград
|c Наука
|d 1978
|
| 215 |
|
|
|a 168 с.
|c ил.
|
| 320 |
|
|
|a Библиогр. в конце ст.
|
| 606 |
1 |
|
|a Визуальная информация
|x Обработка
|2 stltpush
|3 (RuTPU)RU\TPU\subj\2505
|9 31073
|
| 610 |
1 |
|
|a лазерное излучение
|
| 610 |
1 |
|
|a голография
|
| 610 |
1 |
|
|a телевизионные системы
|
| 610 |
1 |
|
|a фотоприемные устройства
|
| 610 |
1 |
|
|a энергетический расчет
|
| 675 |
|
|
|a 681.3.01
|v 4
|
| 702 |
|
1 |
|a Гуревич
|b С. Б.
|4 340
|
| 712 |
0 |
2 |
|a Академия наук СССР
|b Научный совет по проблеме "Голография"
|c (Ленинград/Москва)
|c (1925-1991)
|2 stltpush
|3 (RuTPU)RU\TPU\col\722
|
| 801 |
|
1 |
|a RU
|b 63413507
|c 20221125
|
| 942 |
|
|
|c BK
|